|
|
|
|
| LEADER |
00000nam a2200000 4500 |
| 001 |
vtls011744572 |
| 003 |
SK-MaSNL |
| 005 |
20260301182904.0 |
| 007 |
co bg auuua |
| 008 |
180305s2017 xo | fqp 000 0 slo |
| 015 |
|
|
|a SNBS2018
|
| 020 |
|
|
|a 9788055328881
|q (elektronická kniha)
|
| 040 |
|
|
|a SNK
|b slo
|c SNK
|e rda
|
| 041 |
0 |
|
|a slo
|
| 044 |
|
|
|a xo
|c SK
|
| 072 |
|
7 |
|a 347.9
|x Občianske súdne konanie. Súdnictvo
|2 konspekt
|
| 080 |
|
|
|a 347.948
|2 2011
|
| 080 |
|
|
|a 34
|2 2011
|
| 080 |
|
|
|a (0.034.44)
|2 2011
|
| 080 |
|
|
|a (075.8)
|2 2011
|
| 100 |
1 |
|
|a Tóth, Stanislav,
|d 1956-
|4 aut
|9 219870
|
| 245 |
1 |
0 |
|a Znalecká činnosť a právne predpisy II.
|c Stanislav Tóth, Richard Baláž
|
| 264 |
|
1 |
|a Košice
|b Technická univerzita v Košiciach, Stavebná fakulta
|c 2017
|
| 300 |
|
|
|a 1 DVD-ROM
|c 12 cm
|
| 336 |
|
|
|a text
|b txt
|2 rdacontent
|
| 337 |
|
|
|a počítač
|b c
|2 rdamedia
|
| 338 |
|
|
|a počítačový disk
|b cd
|2 rdacarrier
|
| 347 |
|
|
|a textový súbor
|b PDF
|2 rda
|
| 490 |
1 |
|
|a Edícia vedeckých a odborných publikácií - Skriptá
|
| 650 |
0 |
7 |
|a znalecká činnosť
|2 SNKPH
|9 70117
|
| 650 |
0 |
7 |
|a znalci
|2 SNKPH
|9 82422
|
| 650 |
0 |
7 |
|a právne predpisy
|2 SNKPH
|9 1155
|
| 650 |
0 |
7 |
|a Expert witness work
|2 SNKPHeng
|9 275772
|
| 650 |
0 |
7 |
|a Expert witnesses
|2 SNKPHeng
|9 335816
|
| 650 |
0 |
7 |
|a Legal regulations
|2 SNKPHeng
|9 278724
|
| 655 |
|
7 |
|a DVD
|2 SNKPH
|9 70751
|
| 655 |
|
7 |
|a učebnice vysokých škôl
|2 SNKPH
|9 70191
|
| 655 |
|
7 |
|a Textbooks (higher)
|2 SNKPHeng
|9 276436
|
| 700 |
1 |
|
|a Baláž, Richard,
|d 1983-
|4 aut
|9 207971
|
| 810 |
2 |
|
|a Technická univerzita v Košiciach.
|b Stavebná fakulta
|t Edícia vedeckých a odborných publikácií - Skriptá
|9 366665
|
| 919 |
|
|
|a 978-80-553-2888-1
|
| 999 |
|
|
|c 855148
|d 857078
|
| 952 |
|
|
|a SNK
|b SNK
|y NEVYP
|7 1
|p 17A1321666
|o snkSCDM 9804/2
|i snk2018/5365
|8 0
|0 0
|1 0
|4 0
|d 2018-03-05
|l 0
|r 2026-02-24 04:54:17
|w 2026-02-24
|